Normal view
MARC view
- على ، عبدالسلام على
Entry Personal Name
001 - CONTROL NUMBER
- control field: 16684
003 - CONTROL NUMBER IDENTIFIER
- control field: JO-AjAnu
005 - DATE AND TIME OF LATEST TRANSACTION
- control field: 20230606072947.0
008 - FIXED-LENGTH DATA ELEMENTS
- fixed length control field: 230606|| aca||aabn | a|a d
040 ## - CATALOGING SOURCE
- Original cataloging agency: JO-AjAnu
- Transcribing agency: JO-AjAnu
100 ## - HEADING--PERSONAL NAME
- Personal name: على ، عبدالسلام على
670 ## - SOURCE DATA FOUND
- Source citation: Work cat.: (JO-AjAnu)8567: على ، عبدالسلام على, author, جريمة النشل بين المعرفة والوقاية